000 00655nam a2200157 a 4500
001 000033025
005 20200930065959.0
008 110808s1918 dr a 000 0 spa d
040 _aDO-SdBNP
_bspa
_cBNPHU
082 _axxx
_bG641e
100 1 _aGontran Marion-Landais, J. F.
_958731
245 1 3 _aLa exploración de la permeabilidad renal en las nefritis crónica.
260 _aSanto Domingo, :
_bUniversidad Central de Santo Domingo,
_c[1918].
300 _a121 p. :
_bil. ;
_c22 cm.
500 _aOriginalmente presentado como tesis para optar por la licenciatura en la facultad de medicina y ciencias naturales de la universidad Central de Santo Domingo
999 _c32516
_d32516